| 000 | 00752cam a2200205 4500 | ||
|---|---|---|---|
| 001 | D5907 | ||
| 008 | 090401t1974 xxu||||| |||| 00| 0 eng d | ||
| 035 | _a(Sirsi) u75465 | ||
| 041 | _aeng | ||
| 050 | _a692.8 | ||
| 100 |
_aDuncan Wallace, Ian Norman _c1922-2006 |
||
| 245 | 2 | _aA criticism of the RIBA Joint Contracts Tribunal contracts | |
| 260 |
_aLondon _bInstitute of Quantity Surveyors _c1974 |
||
| 300 | _a30p. 30cm | ||
| 350 | _a0 | ||
| 520 | _aIncludes articles: A reply to Mr. Duncan Wallace/M Chavasse and P.E.T. Spencer - And now for something completely different/Glyn P. Jones; correspondence. Reprinted from: The Quantity Surveyor, 1973 - 4 | ||
| 710 |
_aInstitute of Quantity Surveyors _92491 |
||
| 942 | _n0 | ||
| 948 | _c04/03/1997 | ||
| 999 |
_c96019 _d96019 |
||